000 00838cam a2200193 4500
001 ##L132641
008 060227n1896 000 0 eng u
035 _a(Sirsi) u132641
041 0 _aeng
050 0 4 _a720 $2 18
100 1 _aAshbee, C. R.
245 0 4 _aThe Trinity Hospital in Mile End
_ban object lesson in national history
260 _aLondon
_bGuild and School of Handicraft
_c1896
300 _a30p.
_bill
_c30cm.
490 _aSurvey of London Monograph Series
_v1
520 _aThis volume of the "Survey of London", English Heritage's detailed architectural and topographical study, describes Trinity Hospital in Mile End outlining its significance and historical associations. Includes drawings and maps together with plans, sections and elevations.
690 _aBUILT ENVIRONMENT-BUILDING INSPECTION
942 _n0
999 _c105200
_d105200